Części ciała po angielsku - Statystyki

Ogólne statystyki
  • Ten quiz został rozwiązany 440 razy
  • Średni wynik to 10 z 13
Statystyki odpowiedzi
Polski Angielski % Poprawnych
głowa head
99%
oko eye
98%
noga leg
95%
dłoń hand
93%
ucho ear
90%
palec (u ręki) finger
90%
ręka arm
84%
szyja neck
84%
stopa foot
78%
kolano knee
78%
palec (u nogi) toe
58%
część ciała body part
51%
pięta heel
25%
Nie znaleziono quizów pasujących do podanych kryteriów
Rozkład punktacji
Procent ludzi z każdym wynikiem
Percentyl według liczby udzielonych odpowiedzi
Twoja historia wyników
Nie rozwiązałeś tego quizu